God's Covenants - God's Discipline - God's Glory. (Record no. 16485)

000 -LEADER
fixed length control field 00626nam a2200181 a 4500
001 - CONTROL NUMBER
control field :::00019400$&:&@@
003 - CONTROL NUMBER IDENTIFIER
control field OkBaRHE
005 - DATE AND TIME OF LATEST TRANSACTION
control field 20100331123501.0
008 - FIXED-LENGTH DATA ELEMENTS--GENERAL INFORMATION
fixed length control field s1953 j 000 0 eng u
040 ## - CATALOGING SOURCE
Transcribing agency
100 1# - MAIN ENTRY--PERSONAL NAME
Personal name Barnhouse, Donald Grey, 1895-1960.
245 10 - TITLE STATEMENT
Title God's Covenants - God's Discipline - God's Glory.
260 ## - PUBLICATION, DISTRIBUTION, ETC. (IMPRINT)
Place of publication, distribution, etc Grand Rapids, MI., :
Name of publisher, distributor, etc Wm. B. Eerdmans Publishing Company
Date of publication, distribution, etc 1953
300 ## - PHYSICAL DESCRIPTION
Extent v. <1-10> ;
Dimensions 22 cm.
650 ## - SUBJECT ADDED ENTRY--TOPICAL TERM
Topical term or geographic name as entry element Bible New Testment Romans
General subdivision Sermons
942 ## - ADDED ENTRY ELEMENTS (KOHA)
Source of classification or shelving scheme
Koha item type Books
Copies
Full call number Not for loan Permanent Location Koha item type Date acquired Price effective from Date last seen Damaged status Source of classification or shelving scheme Lost status Barcode Shelving location Withdrawn status Copy number
BS 2665 .B32 V.4 RHEMA Bible Training CollegeBooks2010-04-142010-04-142018-03-28   19400General Stacks 1